Statistics for Countries that were once in the Dutch empire

Click here to take the quiz!

General Stats

  • This quiz has been taken 144 times
  • The average score is 9 of 15

Answer Stats

Country% Correct
Indonesia
97%
Belgium
87%
South Africa
87%
Suriname
83%
Luxembourg
81%
United States
76%
The Netherlands
69%
Brazil
65%
Guyana
60%
Taiwan
52%
Ghana
44%
Sri Lanka
43%
Mauritius
30%
Ivory Coast
24%
French-Guyana
14%

Score Distribution

Percentile by Number Answered

Percent of People with Each Score

Your Score History

You have not taken this quiz